000 00497nam a2200181Ia 4500
008 240925s9999 xx 000 0 und d
020 _a9789332549456
082 _a621.381548 JOH
100 _aJohnson ,Curtis D.
245 0 _aProcess Control Instrumentation Technology
250 _a8th
260 _aUttar Pradesh:
_bPearson Education Inc
_c,2016.
300 _a1339p.
_b0
_fOriginal
500 _aIncludes Index
600 _aElectronic Engineering
650 _aTechnology
942 _cBK
999 _c13596
_d13596